000 00387nab a2200133Ia 4500
003 ES-SlBCS
005 20210601125238.0
008 140529s1977 xxu||||| |||| 00| 0 eng d
041 _aeng
100 1 _aStalker, Douglas F.
_9138121
245 0 2 _aA Good Poem
_c Douglas F. Stalker
773 0 _tPhilosophy and Phenomenological Research
_gvol. 38, 1977, págs. 33-45
_wRev1411
942 _cAR
999 _c527162
_d527162